• 首页
  • 本馆介绍
  • 公告通知
  • 最新文献
  • 馆藏检索
  • 电子资源
  • 读者导购
  • 参考咨询
  • 我的图书馆
  • 登录
  • 详细信息显示
  • 放入我的书架
  • 预约/预借图书
  • 作者相关作品
  • 分类相关作品
  • 丛书相关作品
  • 出版社相关作品

书目信息

  • 表格格式
  • 工作单格式
  • 卡片格式
题名:
防雪林
    
 
作者: 小林多喜二 , 山田歌子 著 ;文洁若 译
分册:  
出版信息: 太原   山西人民出版社  1982
页数: 292页
开本: 19cm
丛书名:
单 册:
中图分类: I313.45 , I313.4
科图分类:
主题词: 小说--日本--近代 , 文学
电子资源:
ISBN:
000 00796nam0 2200289 45
001 0182002957
005 20040409104309.0
010    @dCNY0.72
091    @a10088.736
100    @a19950627d1982 am y0chiy0121 ea
101 1  @achi@cjpn
102    @aCN@b140000
105    @ay z 000ay
106    @ar
200 10 @a防雪林@Afang xue lin@f(日)小林多喜二,(日)山田歌子著@g文洁若译
210    @a太原@c山西人民出版社@d1982
215    @a292页@d19cm
606    @a小说@y日本@z近代
606 0  @a文学
690    @aI313.45@v3
690    @aI313.4
701  0 @a小林多喜二@Axiao lin duo xi er@f日@4著
701  0 @a山田歌子@Ashan tian ge zi@f日@4著
702  0 @a文洁若@Awen jie ruo@4译
801  0 @aCN@b上海图书馆@c20040409
801  2 @aCN@bNLC@c20040409
905    @f3@b75087-089@dI313.4@e11
    
    防雪林/(日)小林多喜二,(日)山田歌子著/文洁若译.-太原:山西人民出版社,1982
    292页;19cm
    
    
    ISBN :CNY0.72
    
●
相关链接 在E读中查询图书 在五车中查询图书 在当当中查询图书 在豆瓣中查询图书


正题名:防雪林     索取号:I313.4/11         预约/预借

序号 登录号 条形码 馆藏地/架位号 状态 备注
1 0075086   000896212   第二借阅区/ [索取号:I313.4/11] 在馆    
2 0075087   000897122   第二借阅区/ [索取号:I313.4/11] 在馆    
3 0075088   000896178   密集书库/ [索取号:I313.4/11] 在馆    
4 0075089   000897113   密集书库/ [索取号:I313.4/11] 在馆    
5 0075090   000896258   第一样本阅览室/ [索取号:I313.4/11] 在馆    
唐山师范学院图书馆 欢迎您!
大连网信软件有限公司© 版权所有